000 00627nam a2200157 4500
999 _c330554
_d330554
003 NUST
005 20170719172458.0
008 170719b xxu||||| |||| 00| 0 eng d
020 _a9788131726792
040 _c0
082 _a621.382 HAN
100 _aHanson, George W.
_93468
245 _aFundamentals of Nanoelectronics
_cGeorge W.Hanson
260 _aNew Delhi, India
_bPearson Educations
_c2009
300 _axiv, 385 p.
_bill. ;
500 _aIncludes bibliographical references (p. 372-380) and index.
501 _aP.B
650 _a1. Molecular electronics. 2. Nanoelectronics.
_93469
942 _cBK
_2ddc
_kIESE